000 00452nam a2200181Ia 4500
001 12210
005 20260306162924.0
008 260306t2020||||xx |||||||||||||| ||spa||
041 _aESP
082 _aHR 340
_bN° 86 2020 RA-DF
100 _aPérez Martín, Antonio Javier
_eAUT
245 0 _aRevista de derecho de familia
260 _c2020
300 _a408 páginas :
_c24 cm.
650 _aGEN
654 _aCDE
942 _cREV
_dJUS
_fJUS
_2ddc
_n
999 _c12210
_d12210